1134 1714 1897 1197 1477 1610 1153 1537 1308 1815 1959 1400 1438 1647 1372 1357 1460 1612 1827 1138 1208 1049 1999 1328 1789 1782 1945 1507 1272 1609 1911 1151 1037 1727 1571 1167 1614 1140 1802 1918 1611 1339 1881 1938 2000 1798 1512 1281 1712 1413 1874 1062 1798 1099 1672 1190 1717 1839 1375 1750 1322 1285 1496 1383 1575 1491 1377 1936 1756 1774 1053 1711 1493 1367 1325 1243 1665 1481 1094 1369 1661 1117 1412 1212 1088 1596 1950 1912 1857 1311 1395 1830 1081 1221 1175 1845 1449 1874 1014 BCNSPRNW ULIB Ver.6.0+V

เปลี่ยนเป็นภาษาไทย

Change to English
 แสดงรายละเอียดบรรณานุกรม
  กลับหน้าหลัก

Brief Record : Get Marc (ISO 2709) : E-mail record : QR code < ปิดหน้าต่าง
LEADER : 00000nam 2200000uu 4500
001    13399121077
003     ULIB
008    121102s2555||||th 000 0 tha d
020    ^a9789743653797
060    ^aW84^bส742
245 00 ^aสุขภาพดี วิถีอาเซียน =^bAsean health care system : รวมบทความวิเคราะห์ระบบบริการสุขภาพ /^cบรรณาธิการ วีระวัฒน์ พันธ์ครุฑ, ชนิสรา ภวภูตานนท์ ณ มหาสารคาม ; คณะผู้เรียบเรียง วีวัฒน์ พันธ์ครุฑ ... [และคนอื่นๆ]
246 30 ^aAsean health care system
246 30 ^aรวมบทความวิเคราะห์ระบบบริการสุขภาพ
250    ^aพิมพ์ครั้งที่ 2
260    ^aนนทบุรี :^bสำนักงานหลักประกันสุขภาพแห่งชาติ,^c2555
300    ^a158 หน้า :^bภาพประกอบ
505 0  ^a^tระบบประกันสุขภาพแห่งชาติประเทศบรูไน - -^tระบบประกันสุขภาพแห่งชาติประเทศกัมพูชา - -^tระบบประกันสุขภาพแห่งชาติประเทศอินโดนีเซีย - -^tระบบประกันสุขภาพแห่งชาติประเทศสาธารณรัฐประชาธิปไตยประชาชนลาว - -^tระบบประกันสุขภาพแห่งชาติประเทศมาเลเซีย - -^tระบบประกันสุขภาพแห่งชาติประเทศเมียนมาร์ - -^tระบบประกันสุขภาพแห่งชาติประเทศสาธารณรัฐฟิลิปปินส์ - -^tระบบประกันสุขภาพแห่งชาติประเทศสาธารณรัฐสิงคโปร์ - -^tระบบประกันสุขภาพแห่งชาติประเทศสาธารณรัฐประชาธิปไตยติมอร์-เลสเต - -^tระบบประกันสุขภาพแห่งชาติประเทศสาธารณรัฐสังคมนิยมเวียดนาม
650  7 ^aการบริการด้านสุขภาพ^xรวมเรื่อง
650  7 ^aสุขภาพ^xรวมเรื่อง
700 0  ^aวีระวัฒน์ พันธ์ครุฑ,^eบรรณาธิการ
700 0  ^aชนิสรา ภวภูตานนท์ ณ มหาสารคาม,^eบรรณาธิการ
710 2  ^aสำนักงานหลักประกันสุขภาพแห่งชาติ
945    ^p220^l0^i032914
945    ^p220^l0^i032915
945    ^p220^l0^i032916
995    ^aเกษร
999    ^aใช้งานได้ทุกระบบ
รายการนี้ยังไม่มีแท็ก
คุณยังไม่ได้ล็อกอิน คุณสามารถมีกิจกรรมร่วมกับเว็บไซต์ได้ แต่ต้องล็อกอินก่อน ::
  ล็อกอิน

รายการสื่อสารสนเทศ

ลำดับที่ ประเภท เลขเรียก/บาร์โค้ด สถานที่ สถานะ
1. วิทยาศาสตร์การแพทย์ และสุขภาพ
หนังสือสำรอง
สถานะ=หนังสือสำรอง
W84 ส742 ฉ.1 
  Barcode: 032914
ห้องสมุดวิทยาเขตสวรรค์ประชารักษ์
►ส่วนจัดเก็บหนังสือเก่า สปร
บนชั้น
  ขอยืม
2. วิทยาศาสตร์การแพทย์ และสุขภาพ
วิทยาศาสตร์การแพทย์ และสุขภาพ
W84 ส742 ฉ.2 
  Barcode: 032915
ห้องสมุดวิทยาเขตสวรรค์ประชารักษ์
►ส่วนจัดเก็บหนังสือเก่า สปร
บนชั้น
  ขอยืม
3. วิทยาศาสตร์การแพทย์ และสุขภาพ
วิทยาศาสตร์การแพทย์ และสุขภาพ
W84 ส742 ฉ.3 
  Barcode: 032916
ห้องสมุดวิทยาเขตสวรรค์ประชารักษ์
►ส่วนจัดเก็บหนังสือเก่า สปร
บนชั้น
  ขอยืม

รายการใกล้เคียง
    หัวเรื่อง [สุขภาพ รวมเรื่อง]

BibComment


ยังไม่เคยถูกคอมเมนท์

คอมเมนท์ทรัพยากรรายการนี้
  คอมเมนท์: สุขภาพดี วิถีอาเ..


 Copyright 2026. Bcnsprnw @Library